Asignaciones para el desarrollo : Creación de experiencias de aprendizaje sin cambiar de trabajo /

This book is modeled after "Eighty-Eight Assignments for Development in Place," one of CCL's most popular publications. In the years since that report was published, we have learned more about development in place from research, from working with managers.

Bibliographic Details
Main Author: McCauley, Cynthia D. (Cynthia Denise), 1958- (Author)
Format: eBook
Language:English
Published: Greensboro, North Carolina : Center for Creative Leadership, [2008]
Series:Report (Center for Creative Leadership) ; no. 189ES.
Subjects:
Online Access:Connect to the full text of this electronic book

MARC

Tag First Indicator Second Indicator Subfields
LEADER 00000cam a2200000Ii 4500
001 in00004668331
006 m o d
007 cr unu||||||||
008 180906s2008 ncua obf 000 0 eng d
005 20260122201300.9
019 |a 729013092 
020 |a 9781604917901 
020 |a 1604917903 
020 |a 9781604910469 
020 |a 1604910461 
035 |a (OCoLC)1050953253  |z (OCoLC)729013092 
037 |a CL0500000989  |b Safari Books Online 
040 |a UMI  |b eng  |e rda  |e pn  |c UMI  |d OCLCO  |d IDEBK  |d OCLCF  |d OCLCO  |d OCLCQ 
049 |a TXAM 
050 4 |a HD38.2 
072 7 |a KMK  |2 bicssc 
082 0 4 |a 658.407 
100 1 |a McCauley, Cynthia D.  |q (Cynthia Denise),  |d 1958-  |e author. 
245 1 0 |a Asignaciones para el desarrollo :  |b Creación de experiencias de aprendizaje sin cambiar de trabajo /  |c Cynthia D. McCauley. 
264 1 |a Greensboro, North Carolina :  |b Center for Creative Leadership,  |c [2008] 
264 4 |c ©2008 
300 |a 1 online resource (1 volume) :  |b illustrations. 
336 |a text  |b txt  |2 rdacontent 
337 |a computer  |b c  |2 rdamedia 
338 |a online resource  |b cr  |2 rdacarrier 
490 1 |a CCL ;  |v no. 189ES 
588 |a Description based on online resource; title from title page (Safari, viewed September 6, 2018). 
500 |a Originally published in English under title: Developmental assignments : creating learning experiences without changing jobs, Center for Creative Leadership, ©2006. Cf. Title page verso. 
504 |a Includes bibliographical references. 
505 0 |a Cover -- 205;NDICE -- RECONOCIMIENTOS -- INTRODUCCI211;N -- Cap237;tulo 1: ANTECEDENTES -- Cap237;tulo 2: DESARROLLO INTENCIONADO -- Cap237;tulo 3: ASIGNACIONES SELECCIONADAS EN BASE AL TIPO DE RETO -- Cap237;tulo 4: ASIGNACIONES SELECCIONADAS EN BASE AL TIPO DE COMPETENCIAS -- AP201;NDICE A: RECURSOS -- AP201;NDICE B: PLANTILLA DEL PLAN DE ASIGNACIONES DE DESARROLLO -- AP201;NDICE C: REFERENCIAS CRUZADAS DE 360 BY DESIGN -- AP201;NDICE D: REFERENCIAS CRUZADAS DE EXECUTIVE DIMENSIONS -- AP201;NDICE E: REFERENCIAS CRUZADAS DE BENCHMARKS -- AP201;NDICE F: REFERENCIAS CRUZADAS DE PROSPECTOR -- AP201;NDICE G: REFERENCIAS CRUZADAS DE SKILLSCOPE -- [Back cover]. 
520 |a This book is modeled after "Eighty-Eight Assignments for Development in Place," one of CCL's most popular publications. In the years since that report was published, we have learned more about development in place from research, from working with managers. 
650 0 |a Executive ability  |v Handbooks, manuals, etc. 
650 0 |a Career development  |v Handbooks, manuals, etc. 
650 0 |a Needs assessment  |v Handbooks, manuals, etc. 
650 0 |a Leadership  |v Handbooks, manuals, etc. 
650 6 |a Aptitude pour la direction  |v Guides, manuels, etc. 
650 6 |a Plan de carrière  |v Guides, manuels, etc. 
650 6 |a Analyse des besoins  |v Guides, manuels, etc. 
650 6 |a Leadership  |v Guides, manuels, etc. 
650 7 |a Career development.  |2 fast  |0 (OCoLC)fst00847280 
650 7 |a Executive ability.  |2 fast  |0 (OCoLC)fst00917778 
650 7 |a Leadership.  |2 fast  |0 (OCoLC)fst00994701 
650 7 |a Needs assessment.  |2 fast  |0 (OCoLC)fst01035463 
655 7 |a Handbooks and manuals.  |2 fast  |0 (OCoLC)fst01423877 
700 1 2 |i Translation of:  |a McCauley, Cynthia D.  |q (Cynthia Denise),  |d 1958-  |t Developmental assignments.  |l Spanish. 
830 0 |a Report (Center for Creative Leadership) ;  |v no. 189ES. 
856 4 0 |u https://proxy.library.tamu.edu/login?url=https://go.oreilly.com/TAMU/library/view/-/9781604917901/?ar  |z Connect to the full text of this electronic book  |t 0 
955 |a Safari/O'Reilly ebooks 
994 |a 92  |b TXA 
999 f f |s efddcc2b-1697-4f49-a9c0-7e4028414a26  |i 01efe2b3-452b-4702-a3ca-ed71cf483090  |t 0 
952 f f |a Texas A&M University  |b College Station  |c Electronic Resources  |s www_evans  |d Available Online  |t 0  |e HD38.2   |h Library of Congress classification 
998 f f |a HD38.2   |t 0  |l Available Online